Structure and mechanism studies of D-alanine-D-alanine ligase from Yersinia pestis : Dissertation for Degree of Doctor

Wedi'i Gadw mewn:
Manylion Llyfryddiaeth
Prif Awdur: Trần, Thị Huyền
Fformat: Luận văn
Iaith:Undetermined
Cyhoeddwyd: Konkuk University 2015
Pynciau:
Tagiau: Ychwanegu Tag
Dim Tagiau, Byddwch y cyntaf i dagio'r cofnod hwn!
Thư viện lưu trữ: Trung tâm Thư viện - Trường Đại học Công nghiệp TP. Hồ Chí Minh
LEADER 00582nam a2200157Ia 4500
001 UIH_01968
008 230809s9999 xx 000 0 und d
082 |a 660.6 
100 |a Trần, Thị Huyền 
245 0 |a Structure and mechanism studies of D-alanine-D-alanine ligase from Yersinia pestis : Dissertation for Degree of Doctor 
245 0 |c Trần, Thị Huyền 
260 |b Konkuk University 
260 |c 2015 
650 |a Công nghệ sinh học 
927 |a Luận văn 
980 |a Trung tâm Thư viện - Trường Đại học Công nghiệp TP. Hồ Chí Minh